| 000 | 00545nam a22001937a 4500 | ||
|---|---|---|---|
| 005 | 20260220102808.0 | ||
| 008 | 250508b |||||||| |||| 00| 0 eng d | ||
| 020 | _a978-93-92242-91-5 | ||
| 041 | _aEnglish | ||
| 082 | _aAD 610.7 BAL DB1342 | ||
| 100 | _aBalasubramanian N. | ||
| 245 | _aTextbook of Educational Technology/Nursing Education for BSc Nursing Students | ||
| 250 | _a1st Edition | ||
| 260 |
_bVHS Publishers _c2023 _aPunjab |
||
| 300 | _a392p | ||
| 365 | _bRs. 575.00 | ||
| 651 |
_aNursing Education _9206187 |
||
| 942 | _cDB | ||
| 999 |
_c366264 _d366264 |
||